000 00443nam a2200181Ia 4500
008 230524s9999 xx 000 0 und d
020 _a9788131721407
082 _bDOU
100 _aJ.F.Douglas
_942426
245 0 _aFluid Mechanics
250 _a5
260 _aNew Delhi
_bPearson
_c2013
300 _a977p;
500 _aQuantity Number: 1
650 _aMechanics
700 _a"J.M.Gasiorek , J.A.Swaffield"
_942427
942 _cBK
999 _c56712
_d56712